Character by Death in the Star Wars Universe - Statistics

General Stats
  • This quiz has been taken 53 times
  • The average score is 32 of 60
Answer Stats
Hint Film or Television Show Answer % Correct
Killed by Darth Maul on Naboo The Phantom Menace Qui-Gon Jinn
98%
Head chopped off by Mace Windu during the Battle of Geonosis. Attack of the Clones Jango Fett
90%
Thrown to his death from the window of the Chancellor's office by Palpatine. Revenge of the Sith Mace Windu
90%
Head chopped off by Anakin Skywalker, during the rescue of the Chancellor. Revenge of the Sith Count Dooku
88%
Died while being held captive by Tuskin Raiders. Attack of the Clones Shmi Skywalker
88%
Shot in the heart by Obi-Wan on Utapau. Revenge of the Sith General Grievous
86%
She died after giving birth on the asteroid Polis Massa. Revenge of the Sith Padme Amidala
86%
Struck down by Darth Vader on the Death Star during a lightsaber duel, and thus becoming more powerful than he could possibly imagine. A New Hope Obi-Wan Kenobi
81%
He was killed by the Emperor's force lightning while rescuing Luke. Return of the Jedi Darth Vader/ Anakin Skywalker
79%
Strangled by Princess Leia on the sail barge. Return of the Jedi Jabba the Hutt
79%
Shot by his own clone troops on a bridge on the planet Mygeeto. Revenge of the Sith Ki- Adi-Mundi
79%
He died of old age on Dagobah. Return of the Jedi Yoda
79%
Shot in the back by her own clone troops in the jungle of Felucia. Revenge of the Sith Aayla Secura
76%
He was shot in the Mos Eisley cantina by Han Solo. A New Hope Greedo
76%
He was thrown from a tower on the Death Star by Darth Vader. Return of the Jedi Emperor Palpatine
71%
He was on the Death Star when it blew up, refusing to "evacuate in our moment of triumph." A New Hope Grand Moff Tarkin
69%
Stabbed by Kylo Ren on a bridge on Star Killer Base. The Force Awakens Han Solo
69%
After being badly beaten by the knights of Ren and then pushed down a pit by Palpatine (who, somehow, returned), he finally died giving his life force to Rey. The Rise of Skywalker Kylo Ren/ Ben Solo
69%
Killed by Count Dooku in a hanger bay in an industrial district on Coruscant. Tales of the Jedi Yaddle
69%
Used all of his energy to do a force projection, and died on Ahch-To. The Last Jedi Luke Skywalker
67%
After appearing in Attack of the Clones, The Clone Wars, Revenge of the Sith, The Bad Batch, Tales of the Jedi, Obi-Wan, Rebels, and Rogue One, he died without any specific mention of his passing when the planet he was on was blown up by the Death Star. A New Hope Bail Organa
64%
Killed in the middle of the desert of Tatooine (finally!) in another duel with Obi-Wan Kenobi. Rebels Darth Maul
64%
Used up all of her power to contact Kylo Ren through the force. The Rise of Skywalker Princess Leia
64%
Killed by a Kaminoan dart outside a sports bar on Coruscant. Attack of the Clones Zam Wesell
64%
Because in this quiz droid deaths don't count, IG-11/IG-12 does not appear in this quiz, thus giving this person the distinction of being the only person to be listed twice. This time when he got killed, he was incinerated when the blast of force lightning he tried to hit Rey with got deflected back onto him. The Rise of Skywalker Emperor Sheev Palpatine
62%
She died on the beach on Skarif from the blast from the Death Star. Rogue One Jyn Erso
60%
Fin hit her in the head with a riot baton, then she fell into an explosion. The Last Jedi Captain Phasma
57%
He also dies on the beach on Skarif from a blast from the Death Star, which he ironically had a hand in making. Rogue One Cassian Andor
57%
Burned up in an explosion caused by an AT-AT shooting the fuel tower he was standing on. He died protecting the other members of the Ghost crew. Rebels Kanan Jarrus
57%
Sliced in half by Kylo Ren, using Rey's lightsaber. The Last Jedi Supreme Leader Snoke
57%
Sacrificed himself to save Clone Force 99, fell to his death. The Bad Batch Tech
57%
Shot in the chest for treason by General Pryde. The Rise of Skywalker General Armitage Hux
55%
Fell into the burning reactor core of the star destroyer, Sovereign, during a lightsaber duel with Kanan and Ezra. Rebels The Grand Inquisitor
55%
Shot down by Darth Vader over the Death Star trench not long after reuniting with his friend Luke from Tatooine. A New Hope Biggs Darklighter
52%
Fed to the rancor by Jabba the Hutt because she displeased him. Return of the Jedi Oola
48%
She crashed a Resistance ship into Snoke's Star Destroyer, and died in the crash. The Last Jedi Vice Admiral Holdo
48%
Shot while sitting on Jabba's thrown by Boba Fett. The Mandalorian Bib Fortuna
45%
He was choked to death on the Tantive IV by Darth Vader. A New Hope Captain Raymus Antilles
45%
He was killed, refusing to (or unable to) run to the U-wing and escape the blast from the Death Star on Jedha with the others. Rogue One Saw Gerrera
45%
Killed in the streets of Mos Espa by Boba Fett after an epic street battle. The Book of Boba Fett Cad Bane
43%
He was killed in a rebel attack on the Imperial research facility on Eadu. Rogue One Galen Erso
43%
He died in a blaze of fire when his secret lair on Mandalore was destroyed. The Mandalorian Moff Gideon
40%
Force choked by Darth Vader for coming out of light speed too close to the Hoth system. Empire Strikes Back Admiral Ozzel
38%
Killed on Jakku by Kylo Ren, after passing information to Poe Dameron. The Force Awakens Lor San Tekka
38%
She was shot by Director Krennic on the planet Lah' mu, trying to protect her family. Rogue One Lyra Erso
38%
Killed with his own blade (a laser blade called a petar) by Q'ira in the office on his private yacht. Solo Dryden Vos
36%
He died fighting Praetorian Guards in Moff Gideon's secret lair on Mandalore. The Mandalorian Paz Vizsla
36%
Shot by Han Solo on the beach on Savareen (Han, notably, shot first.) Solo Tobias Beckett
33%
He was killed in the Mos Eisley cantina by Obi-Wan Kenobi, and also had his arm cut off. (Those who argue that he was not dead can check out the deleted scene that also shows his head landing on the floor.) A New Hope Ponda Baba
31%
Died during the same Vandor heist because she couldn't get off the bridge before it was blown up. Solo Val
31%
Force choked by Darth Vader for losing the Millenium Falcon. Empire Strikes Back Captain Needa
26%
Shot during a rail heist on Vandor while flying the getaway vehicle (an AT-Hauler). Solo Rio Durant
26%
She died from a long battle with an unnamed illness on Ferrix. The hologram recorded speech she gave at her own funeral incited an uprising on Ferrix. Andor Maarva Andor
24%
He was hanged by the Empire just because he was trying to stop other people from throwing rocks at stormtroopers on Rix Road on Ferrix. Andor Clem Andor
21%
Gunned down by speeder bikers while trying to protect Grogu on Nevaro. The Mandalorian Kuill
21%
He was literally crushed by Imperial money during the escape in the Aldhani heist. Andor Karis Nemik
17%
Shot by a Pre-Mor security officer on Ferrex while he was trying to rescue Bix. Andor Timm Karlo
17%
He was shot by Cassian Andor after suggesting Cassian and he steal the money they got from the Aldhani heist. Andor Arvel Skeen
14%
Shot by Din Djarin in Peli Moto's hanger bay in Mos Eisley. The Mandalorian Toro Calican
10%
He died of failing health (and, arguably, of literally being worked to death) in the unit 5 2-D of Narkina 5 prison factory. Andor Ulaf
10%
No matching quizzes found
Score Distribution
Percent of People with Each Score
Percentile by Number Answered
Your Score History
You have not taken this quiz